Joyas en España (Record no. 11025)

MARC details
000 -CABECERA
campo de control de longitud fija 01009nam a22002657a 4500
001 - NÚMERO DE CONTROL
campo de control BRCA_9403
003 - IDENTIFICADOR DEL NÚMERO DE CONTROL
campo de control FranzMayer
005 - FECHA Y HORA DE LA ÚLTIMA TRANSACCIÓN
campo de control 20230918125302.0
008 - DATOS DE LONGITUD FIJA--INFORMACIÓN GENERAL
campo de control de longitud fija 230904b |||||||| |||| 00| 0 eng d
020 ## - NÚMERO INTERNACIONAL ESTÁNDAR DEL LIBRO
Número Internacional Estándar del Libro 9788495241894
040 ## - FUENTE DE LA CATALOGACIÓN
Centro catalogador/agencia de origen MFM
Lengua de catalogación ESPAÑOL
Centro/agencia transcriptor MFM
050 #0 - SIGNATURA TOPOGRÁFICA DE LA BIBLIOTECA DEL CONGRESO
Número de clasificación DP178
Número de documento/Ítem M85 2012
100 1# - ENTRADA PRINCIPAL--NOMBRE DE PERSONA
Código de función/relación Autor
Nombre de persona Muller E, Priscilia
9 (RLIN) 29560
240 ## - TÍTULO UNIFORME
Título uniforme Joyas en España
Medio 1500-1800
Lenguaje de la obra Español
245 ## - MENCIÓN DE TÍTULO
Título Joyas en España
Resto del título 1500-1800
260 ## - PUBLICACIÓN, DISTRIBUCIÓN, ETC.
Lugar de publicación, distribución, etc. Estados Unidos de America
Nombre del editor, distribuidor, etc. The Hispanic Society of America
Fecha de publicación, distribución, etc. 2012
300 ## - DESCRIPCIÓN FÍSICA
Extensión 191 p
Otras características físicas Ilustraciones a color
Dimensiones 32 cm
500 ## - NOTA GENERAL
Nota general Anexo 1
500 ## - NOTA GENERAL
Nota general El libro se encuentra en parta dura, con sobrecubierta
505 ## - NOTA DE CONTENIDO CON FORMATO
Nota de contenido con formato Texto en: españolTraducido del alemán Incluye índice temáticoIncluye bibliografíaDirigido a: joyeros, artesanos o artistas españoles
650 1# - PUNTO DE ACCESO ADICIONAL DE MATERIA--TÉRMINO DE MATERIA
Fuente del encabezamiento o término Trabajo de plata
Término de materia o nombre geográfico como elemento de entrada Exposiciones
Subdivisión de forma Siglo XVI-XIX
9 (RLIN) 29561
651 2# - PUNTO DE ACCESO ADICIONAL DE MATERIA--NOMBRE GEOGRÁFICO
Fuente del encabezamiento o término Plata
Nombre geográfico Exposiciones
Subdivisión de forma España
9 (RLIN) 29562
700 1# - PUNTO DE ACCESO ADICIONAL--NOMBRE DE PERSONA
Código de función/relación Trad
Nombre de persona Schmid, Eduardo
9 (RLIN) 29563
942 ## - ELEMENTOS DE PUNTO DE ACCESO ADICIONAL (KOHA)
Fuente del sistema de clasificación o colocación Library of Congress Classification
Tipo de ítem Koha Libros
Holdings
Estado de retiro Estado de pérdida Fuente del sistema de clasificación o colocación Estado dañado No para préstamo Código de colección Localización permanente Ubicación/localización actual Fecha de adquisición Total de préstamos Signatura topográfica completa Código de barras Fecha visto por última vez Precio válido a partir de Tipo de ítem Koha
El ejemplar forma parte de la colección y puede ser consultado según las políticas vigentes.   Library of Congress Classification     Fondo Contemporáneo Biblioteca del Museo Franz Mayer (Rogerio Casas-Alatriste) Biblioteca del Museo Franz Mayer (Rogerio Casas-Alatriste) 04/09/2023   DP178 M85 2012 CONT10173 04/09/2023 04/09/2023 Libros